|
|
|
|
| LEADER |
00000nam0a2200000 4500 |
| 001 |
68533 |
| 005 |
20231101212405.0 |
| 010 |
|
|
|a 5947050374
|
| 035 |
|
|
|a (RuTPU)RU\TPU\book\72983
|
| 090 |
|
|
|a 68533
|
| 100 |
|
|
|a 20041006d2003 m y0rusy50 ca
|
| 101 |
0 |
|
|a rus
|
| 102 |
|
|
|a RU
|
| 105 |
|
|
|a y j 001zy
|
| 200 |
1 |
|
|a Моделирование и инженерные расчеты физико-химических свойств углеводородных систем
|e учебное пособие для вузов
|f С. А. Ахметов, В. А. Аль-Окла
|g Уфимский государственный нефтяной технический университет; под ред. Т. Г. Умергелина
|
| 210 |
|
|
|a Уфа
|c РИО РУНМЦ МО РБ
|d 2003
|
| 215 |
|
|
|a 160 с.
|
| 320 |
|
|
|a Библиогр.: с. 157-159.
|
| 330 |
|
|
|a В учебном пособии рассмотрены современные наиболее точные методы математического моделирования и инженерных расчетов основных физико-химических свойств углеводородов и узких нефтяных фракций, используемых при расчетах массо-теплообменных процессов переработки нефти, природного газа, основного органического и нефтехимического синтеза. Пособие предназначено для студентов высшего и среднего профессионального образования нефтегазового и нефтехимического профиля; может оказаться полезным для инженерно-технических и научных работников и проектировщиков нефтегазоперерабатывающих и нефтехимических отраслей топливно-энергетического комплекса.
|
| 606 |
1 |
|
|a Углеводороды
|x Физико-химические свойства
|2 stltpush
|3 (RuTPU)RU\TPU\subj\32449
|9 54997
|
| 610 |
1 |
|
|a химическая технология
|
| 610 |
1 |
|
|a углеводородные системы
|
| 610 |
1 |
|
|a газы
|
| 610 |
1 |
|
|a жидкости
|
| 610 |
1 |
|
|a расчеты
|
| 610 |
1 |
|
|a моделирование
|
| 610 |
1 |
|
|a информация
|
| 610 |
1 |
|
|a обработка
|
| 610 |
1 |
|
|a математические методы
|
| 610 |
1 |
|
|a нефтяные фракции
|
| 610 |
1 |
|
|a углеводородные газы
|
| 610 |
1 |
|
|a термодинамические свойства
|
| 610 |
1 |
|
|a учебные пособия
|
| 675 |
|
|
|a 661.715(075.8)
|v 3
|
| 700 |
|
1 |
|a Ахметов
|b С. А.
|g Сафа Ахметович
|
| 701 |
|
1 |
|a Аль-Окла
|b В. А.
|g Вахиб Абдель
|
| 702 |
|
1 |
|a Умергелин
|b Т. Г.
|4 340
|
| 712 |
0 |
2 |
|a Уфимский государственный нефтяной технический университет
|2 stltpush
|3 (RuTPU)RU\TPU\col\42
|
| 801 |
|
1 |
|a RU
|b 63413507
|c 20041006
|g PSBO
|
| 801 |
|
2 |
|a RU
|b 63413507
|c 20201021
|g PSBO
|
| 900 |
|
|
|a Физико-химические методы исследования в химии
|
| 900 |
|
|
|a Физико-химические методы исследования материалов, реагентов и углеводородных систем
|
| 900 |
|
|
|a Теоретические основы химической технологии топлива и углеродных материалов
|
| 900 |
|
|
|a Моделирование сложных многокомпонентных химических процессов
|
| 942 |
|
|
|c BK
|
| 954 |
|
|
|a 510500
|
| 959 |
|
|
|a 121/20041006
|d 3
|e 250
|f НФ:3
|
| 959 |
|
|
|a 39/20060524
|d 1
|e 500,00
|f НФ:1
|